1406 1546 1201 1806 1142 1608 1434 1886 1218 1118 1407 1049 1268 1241 1114 1034 1502 1905 1850 1986 1750 1185 1550 1982 1233 1592 1595 1921 1397 1097 1983 1032 1711 1188 1647 1552 1768 1580 1808 1085 1661 1682 1319 1118 1765 1227 1346 1232 1196 1617 1595 1240 1906 1680 1381 1755 1442 1297 1040 1477 1631 1553 1964 1034 1206 1003 1820 1163 1064 1439 1608 1488 1632 1811 1200 1477 1992 1809 1815 1115 1493 1823 1362 1039 1829 1872 1674 1486 1144 1977 1585 1176 1484 1533 1828 1320 1767 1635 1128 BCNSPRNW ULIB Ver.6.0+V

เปลี่ยนเป็นภาษาไทย

Change to English
 แสดงรายละเอียดบรรณานุกรม
  กลับหน้าหลัก

Brief Record : Get Marc (ISO 2709) : E-mail record : QR code < ปิดหน้าต่าง
LEADER : 00000nam 2200000uu 4500
001    13399114091
003     ULIB
008    020711s2553 th a 000 0 eng d
020    ^a0323056649
060    ^aWY18.2^bJ29I
100    ^aZerwekh, JoAnn
110    ^aMosby Elsevier
245    ^aIllustrated study guide for the NCLEX-RN exam/^cZerwekh, JoAnn
250    ^a7th ed
260    ^aCanada :^bMosby Elsevier,^c2553
300    ^a620 pages
650    NCLEX-RN
945    ^p1070^l0^i029058
รายการนี้ยังไม่มีแท็ก
คุณยังไม่ได้ล็อกอิน คุณสามารถมีกิจกรรมร่วมกับเว็บไซต์ได้ แต่ต้องล็อกอินก่อน ::
  ล็อกอิน

รายการสื่อสารสนเทศ

ลำดับที่ ประเภท เลขเรียก/บาร์โค้ด สถานที่ สถานะ
- ไม่พบข้อมูล -

รายการใกล้เคียง
    ผู้แต่ง [Zerwekh, JoAnn]

BibComment


ยังไม่เคยถูกคอมเมนท์

คอมเมนท์ทรัพยากรรายการนี้
  คอมเมนท์: Illustrated stud..


 Copyright 2026. Bcnsprnw @Library